| 000 | 00922nam a2200253 a 4500 | ||
|---|---|---|---|
| 001 | 57410 | ||
| 003 | BD-RjUL | ||
| 005 | 20211209080515.0 | ||
| 008 | 161208s1982 bg ||||| |||| 00| 0 ben d | ||
| 020 | _c: TK 200.00 | ||
| 035 | _a(BD-RjUL)57534 | ||
| 040 |
_aBD-RjUL _bben _cBD-RjUL |
||
| 041 | _aben | ||
| 082 |
_223 _a297.124 _bRAB 1982 |
||
| 100 |
_a রহঃ, হাফিয ইবনে হাজার আসক্কালানী _9163537 |
||
| 245 | 1 | 0 |
_aবুলূগুল মারাম / _cহাফিয ইবনে হাজা আসক্কালানী রহঃ |
| 250 | _a১ম সং. | ||
| 260 |
_aঢাকা : _bমুহাম্মদ মিসবাহউদ্দীন, _c১৯৮২ |
||
| 300 |
_a খণ্ড. ; _c২৩ সেমি. |
||
| 505 | _aখণ্ড ১ -- | ||
| 650 |
_aহাদিস _9163538 |
||
| 650 |
_aHadith _9163539 |
||
| 942 |
_2ddc _cBK |
||
| 999 |
_c57410 _d57410 |
||